<?xml version="1.0" encoding="UTF-8"?><?xml-stylesheet type="text/xsl" href="static/style.xsl"?><OAI-PMH xmlns="http://www.openarchives.org/OAI/2.0/" xmlns:xsi="http://www.w3.org/2001/XMLSchema-instance" xsi:schemaLocation="http://www.openarchives.org/OAI/2.0/ http://www.openarchives.org/OAI/2.0/OAI-PMH.xsd"><responseDate>2026-04-17T06:13:41Z</responseDate><request verb="GetRecord" identifier="oai:gredos.usal.es:10366/140509" metadataPrefix="marc">https://gredos.usal.es/oai/request</request><GetRecord><record><header><identifier>oai:gredos.usal.es:10366/140509</identifier><datestamp>2025-06-05T12:40:28Z</datestamp><setSpec>com_10366_4756</setSpec><setSpec>com_10366_4746</setSpec><setSpec>com_10366_3823</setSpec><setSpec>com_10366_4386</setSpec><setSpec>com_10366_4349</setSpec><setSpec>com_10366_3946</setSpec><setSpec>col_10366_68520</setSpec><setSpec>col_10366_4394</setSpec></header><metadata><record xmlns="http://www.loc.gov/MARC21/slim" xmlns:doc="http://www.lyncode.com/xoai" xmlns:xsi="http://www.w3.org/2001/XMLSchema-instance" xmlns:dcterms="http://purl.org/dc/terms/" xsi:schemaLocation="http://www.loc.gov/MARC21/slim http://www.loc.gov/standards/marcxml/schema/MARC21slim.xsd">
<leader>00925njm 22002777a 4500</leader>
<datafield tag="042" ind1=" " ind2=" ">
<subfield code="a">dc</subfield>
</datafield>
<datafield tag="720" ind1=" " ind2=" ">
<subfield code="a">Ramos González, Juan</subfield>
<subfield code="e">author</subfield>
</datafield>
<datafield tag="260" ind1=" " ind2=" ">
<subfield code="c">2019-05</subfield>
</datafield>
<datafield tag="520" ind1=" " ind2=" ">
<subfield code="a">[ES] El presente trabajo de investigación trata de abordar algunos de los problemas principales relativos a la aplicabilidad y selección significativa de biomarcadores en cáncer mediante el diseño y aplicacion de frameworks basados en minería de datos e Inteligencia Artificial. Se han explorado diferentes necesidades y se han desarrollado por tanto varios sistema que priorizan el cumplimiento de distintos objetivos. Para valorar si los sistemas desarrollados son capaces de seleccionar biomarcadores potenciales que sean estadística y biológicamente relevantes, se han aplicado sobre diferentes casos de estudio consistentes en datos de expresion génica de tejidos tumorales. Se han empleado datos procedentes de muestras de tejido de cáncer de pulmón de células no pequeñas y adenocarcinoma ductal pancreático. Los sistemas diseñados utilizan datos provenientes de distintos laboratorios e investigadores y han sido capaces de alcanzar gran capacidad de calsificaicón, proporcionando además la posibilidad de extraer conocimiento mientras se combaten algunos problemas típicos de la selección de genes.</subfield>
</datafield>
<datafield tag="024" ind2=" " ind1="8">
<subfield code="a">http://hdl.handle.net/10366/140509</subfield>
</datafield>
<datafield tag="024" ind2=" " ind1="8">
<subfield code="a">10.14201/gredos.140509</subfield>
</datafield>
<datafield ind1=" " ind2=" " tag="653">
<subfield code="a">Tesis y disertaciones académicas</subfield>
</datafield>
<datafield ind1=" " ind2=" " tag="653">
<subfield code="a">Universidad de Salamanca (España)</subfield>
</datafield>
<datafield ind1=" " ind2=" " tag="653">
<subfield code="a">Tesis Doctoral</subfield>
</datafield>
<datafield ind1=" " ind2=" " tag="653">
<subfield code="a">Academic dissertations</subfield>
</datafield>
<datafield ind1=" " ind2=" " tag="653">
<subfield code="a">Inteligencia artificial</subfield>
</datafield>
<datafield ind1=" " ind2=" " tag="653">
<subfield code="a">Clustering</subfield>
</datafield>
<datafield ind1=" " ind2=" " tag="653">
<subfield code="a">Biomarcadores</subfield>
</datafield>
<datafield ind1=" " ind2=" " tag="653">
<subfield code="a">Selección de genes</subfield>
</datafield>
<datafield tag="245" ind1="0" ind2="0">
<subfield code="a">Knowledge and biomarkers extraction system by integrating heterogeneous information sources</subfield>
</datafield>
</record></metadata></record></GetRecord></OAI-PMH>